| 000 | 00577nam a2200181 a 4500 | ||
|---|---|---|---|
| 001 | 000040316 | ||
| 005 | 20201002034043.0 | ||
| 008 | 130821s1982 ag 000 0 spa d | ||
| 040 |
_aDO-SdBNP _bspa _cBNPHU |
||
| 082 |
_axxx _bxxx |
||
| 245 | 0 | 0 |
_aAguas refrescantes : _bmeditaciones diarias, seleccionadas del ministerio de Nee To-Sheng. |
| 260 |
_aBuenos Aires, Argentina : _bHebron, _c1982. |
||
| 300 |
_a[250] ; _c20 cm. |
||
| 490 | 1 | _aMeditaciones diarĂas ; | |
| 590 | _aInventariado, 2019/ YL | ||
| 710 | 2 |
_aNee To-Sheng _966603 |
|
| 830 | 0 |
_aMeditaciones diarĂas _966604 |
|
| 999 |
_c39806 _d39806 |
||